5-Letter Words Without First or Last Letters Quiz Stats

 Plays Quiz Updated Jul 31, 2017

Support Sporcle.
Go Orange.
Score 0/22 Timer 08:00
4 Plays Today
Hint Answer % Correct
_ RRO _ARROW
95.1%
_ HIF _SHIFT
90.5%
_ DDL _ADDLE
90.2%
_ MUS _AMUSE
89%
_ COR _ACORN
88.8%
_ NAC _SNACK
88.6%
_ GLO _AGLOW
88.4%
_ NIF _SNIFF
84.9%
_ GLO _IGLOO
82.1%
_ IMI _LIMIT
79.9%
_ IMI _TIMID
78.1%
Hint Answer % Correct
_ NIF _KNIFE
76.6%
_ COR _SCORE
76.4%
_ COR _SCORN
76.4%
_ DDL _ODDLY
74.3%
_ IMI _MIMIC
71.1%
_ RRO _ERROR
70.8%
_ NAC _KNACK
69.8%
_ HIF _WHIFF
66.8%
_ NAC _ENACT
64.3%
_ MUS _SMUSH
61.2%
_ NIF _UNIFY
56%

You're not logged in!

Compare scores with friends on all Sporcle quizzes.
OR
Log In
Forgot?

From the Vault

30 Pics in 60: US States

by RobPro

If you took a road trip this fast, you'd definitely get pulled over for speeding.
Remove Ads.
Support Sporcle.
Get the best of Sporcle when you Go Orange. This ad-free experience offers more features, more stats, and more fun while also helping to support Sporcle. Thank you for becoming a member.

Show Comments

Extras

Top Quizzes Today


Score Distribution

Your Account Isn't Verified!

In order to create a playlist on Sporcle, you need to verify the email address you used during registration. Go to your Sporcle Settings to finish the process.

Report this User

Report this user for behavior that violates our Community Guidelines.

Details: